00297nam a2200109Ia 4500008004100000041001200041082001000053245009100063250000900154260001600163650000800179221030s9999 xx 000 0 und d aEnglish a105.6 0aWireless Fingerprint Based Attendance System Using Zigbee TechnologycAnmol /332 a2010 aJammuc2014 aECE